000 00314nam a22001337a 4500
008 180922b xxu||||| |||| 00| 0 eng d
020 _a9780803937796
041 _aeng
080 _a371
100 _a25
101 _aEDU
245 _aQualitative Evaluation and Research Methods
_cPatton, M.Q
942 _2udc
_cBK
999 _c48236
_d48236